Les 20 villes les plus peuplées de Gironde sur une carte - Statistiques

Statistiques générales
  • Ce quiz a été pris 142 fois
  • Le résultat moyen est 14 sur 20
Réponses sur la Carte
Les réponses sont colorées sur une échelle allant du rouge au vert en fonction du pourcentage des utilisateurs qui les ont devinées à leur premier essai. Vous pouvez retrouver ces pourcentages ci-dessous.
 
Statistiques - réponses
Pop. Réponse % Correct
261 804 Bordeaux
99%
75 729 Mérignac
95%
66 760 Pessac
91%
45 225 Talence
83%
26 556 La Teste-de-Buch
82%
24 557 Libourne
80%
30 813 Bègles
73%
32 538 Saint-Médard-en-Jalles
70%
40 500 Villenave d'Ornon
68%
26 778 Cenon
64%
23 291 Lormont
64%
25 835 Gradignan
63%
24 339 Le Bouscat
59%
20 215 Bruges
58%
22 399 Gujan-Mestras
57%
24 374 Eysines
56%
17 749 Floirac
54%
16 789 Cestas
49%
16 004 Blanquefort
46%
16 798 Ambarès-et-Lagrave
38%
Aucun quiz correspondant
Distribution des résultats
% des personnes avec chaque résultat
Percentile par nombre de réponses
Votre historique - résultats
Vous n’avez pas pris ce quiz